| 000 | 00565nam a2200217Ia 4500 | ||
|---|---|---|---|
| 003 | IT-RoPAU | ||
| 008 | 120407s9999 xx 000 0 und d | ||
| 040 | _aIT-RoPAU | ||
| 040 | _cIT-RoPAU | ||
| 041 | _alat | ||
| 100 | _aEmilio Fogliasso | ||
| 100 | _csde | ||
| 245 | _aDe iuridicis relationibus inter status perfectionis et ordinarium loci in systemate iuris canonici. Excerptum et “Salesianum”. Ann. XXII (1960). n. 4. | ||
| 250 | _aTorino | ||
| 260 | _aSei | ||
| 260 | _c1961 | ||
| 300 | _c24 cm | ||
| 490 | _v1 | ||
| 942 | _cBK | ||
| 999 |
_c23984 _d23984 |
||